El efecto invernadero: el desastre de mañana, hoy
محفوظ في:
| المؤلف الرئيسي: | |
|---|---|
| التنسيق: | كتاب |
| اللغة: | الإسبانية |
| منشور في: |
Madrid
McGraw-Hill
1992
|
| سلاسل: | Serie McGraw-Hill de Divulgación Científica
|
| الموضوعات: | |
| الوسوم: |
إضافة وسم
لا توجد وسوم, كن أول من يضع وسما على هذه التسجيلة!
|
MARC
| LEADER | 00000nam a2200000 a 4500 | ||
|---|---|---|---|
| 001 | UCV5379 | ||
| 003 | CL-VaPUC | ||
| 008 | 930526e19920000SP |||||||||||||||||spa|d | ||
| 082 | 0 | 4 | |a 551.52 |b ERI |2 21 |
| 100 | 0 | |a Erickson, Jon |e author |9 299715 | |
| 245 | 1 | 3 | |a El efecto invernadero: el desastre de mañana, hoy |
| 300 | |a 217 p | ||
| 942 | |c BK | ||
| 945 | |d 19930526 00:00:00 | ||
| 260 | |a Madrid |b McGraw-Hill |c 1992 | ||
| 650 | 7 | |a EFECTO ATMOSFERICO DE INVERNADERO |2 CL-VaPUC |9 262147 | |
| 650 | 0 | |a Calentamiento global |9 262148 | |
| 650 | 7 | |a HOMBRE |2 CL-VaPUC |9 262149 | |
| 650 | 7 | |a INFLUENCIA SOBRE LA NATURALEZA |2 CL-VaPUC |9 262150 | |
| 583 | |a last modification |c 19930526 00:00:00 |k Rodrigo Vera | ||
| 490 | 0 | |a Serie McGraw-Hill de Divulgación Científica | |
| 999 | |c 211925 |d 211923 | ||
| 952 | |0 0 |1 0 |4 0 |6 551_520000000000000_ERI_1992 |7 0 |8 A |9 191966 |a BIBING |b BIBING |d 2019-11-14 |i 2595028 |o 551.52 ERI 1992 |p 2595028 |r 2025-01-20 |w 2019-11-14 |y BK |k GEO | ||
| 952 | |0 0 |1 0 |4 0 |6 551_520000000000000_ERI_1992 |7 0 |8 A |9 191967 |a BIBCUR |b BIBCUR |d 2019-11-14 |i 3329682 |l 2 |m 2 |o 551.52 ERI 1992 |p 3329682 |r 2025-04-22 |s 2024-09-25 |w 2019-11-14 |y BK |k BAC | ||